| 000 | 02055nam0a2200349 4500 | ||
|---|---|---|---|
| 001 | RU\NLR\BIBL_A\011382210 | ||
| 005 | 20240922014731.0 | ||
| 010 |
_a9785768111595 _9100 |
||
| 021 |
_aRU _b2017-23197 _91718 |
||
| 035 | _a(RuMoRGB)008842449 | ||
| 035 | _a(NLR Aleph) 011382210 | ||
| 090 |
_a11407743 _c11407743 |
||
| 100 | _a20170505d2016 u y0rusy50 ca | ||
| 101 | 0 | _arus | |
| 102 | _aRU | ||
| 105 | _aa zzzz0|||1yy | ||
| 200 | 1 |
_aКомпьютерные технологии обработки и анализа биомедицинских сигналов и данных _eучебное пособие _fК. Д. А. Кассим, С. А. Филист, А. Ф. Рыбочкин _gМинобрнауки России, Федеральное государственное бюджетное образовательное учреждение высшего образования "Юго-Западный государственный университет" (ЮЗГУ) |
|
| 210 |
_aКурск _cЮго-Западный государственный университет _d2016 |
||
| 215 |
_a289 с. _cил. _d21 |
||
| 320 | _aБиблиогр.: с. 288-289 (19 назв.) | ||
| 606 | 1 |
_aБиомедицинские сигналы _jУчебные издания для высших учебных заведений _xКомпьютерная обработка _92326896 _3RU\NLR\AUTH\6601616165 |
|
| 606 | 1 |
_aБиомедицинские сигналы _jУчебные издания для высших учебных заведений _xКомпьютерный анализ _92133189 _3RU\NLR\AUTH\661590832 |
|
| 686 |
_aЕ071.1с21я73-1 _2rubbk |
||
| 686 |
_aР.с218я73-1 _2rubbk |
||
| 686 | 1 | _aР343.3с51я73 | |
| 700 | 0 | _aКассим Кабус Дерхим Али | |
| 701 | 1 |
_aФилист _bС. А. _gСергей Алексеевич |
|
| 701 | 1 |
_aРыбочкин _bА. Ф. _f1949- _gАнатолий Федорович |
|
| 942 | _cBOOK | ||
| 980 | _aNBR | ||